ZigBee based home automation wireless sensor network

Bibliographic Details
Main Authors: Varchola, Michal, 1984- (Author), Drutarovský, Miloš, 1965- (Author)
Format: Article
Language:Slovak
English
PhysicalDescription:Obr., sch., tab.
ISSN:1335-8243
Subjects:

MARC

LEADER 00000nab a2200000 a 4500
001 vtls009184409
003 SK-MaSNL
005 20260304164208.0
008 250507c2007 xo |||||||||||000 b|slo
015 |a SNBRB2008/02  |2 snkbucl 
035 |a (uuid)486492ec-d8d7-42f1-aca2-eea80046db03 
035 |a urn:nbn:sk:snk-abadds 
035 |a (urnnbn)urn:nbn:sk:snk:ar-007g8i 
038 |a SNKBUCL 
040 |a SNKBUCL  |b slo  |c SNKBUCL  |e AACR2 
041 0 |a eng 
044 |a xo  |c SK 
080 |a 621.396:681.586  |2 2001 
080 |a 004.75  |2 2001 
080 |a 64.06:621.396  |2 2001 
080 |a 681.586  |2 2001 
100 1 |a Varchola, Michal,  |d 1984-  |4 aut  |9 111416 
245 1 0 |a ZigBee based home automation wireless sensor network  |c Michal Varchola, Miloš Drutarovský 
300 |b Obr., sch., tab. 
500 |a Biogr. údaje 
504 |a Bibliogr. odkazy 
546 |a Res. angl. 
650 0 7 |a bezdrôtové komunikačné technológie  |2 snkbucl  |9 83986 
650 0 7 |a senzorové siete  |2 snkbucl  |9 486317 
650 0 7 |a ZigBee (technológia)  |2 snkbucl  |9 1477618 
650 0 7 |a bezdrôtové senzorové siete  |2 snkbucl  |9 1096505 
650 0 7 |a domáca automatizácia  |2 snkbucl  |9 1492506 
700 1 |a Drutarovský, Miloš,  |d 1965-  |4 aut  |9 111417 
773 0 |t Acta electrotechnica et informatica  |g Vol. 7, no. 4 (2007), p. 60-67  |x 1335-8243 
850 |a Slovenská národná knižnica 
852 |a Slovenská národná knižnica 
958 |a article14 
958 |a OND 
958 |a NB 
958 |a EUIPO 
999 |c 2980013  |d 2981943